El Teatro Nacional.

Guardado en:
Bibliografiske detaljer
Format: Ukendt
Sprog:Spanish
Udgivet: San José, Costa Rica : Instituto Costarricense de Turismo, 1967.
Fag:
Tags: Tilføj Tag
Ingen Tags, Vær først til at tagge denne postø!

MARC

LEADER 000000000a22000000004500
001 003007
041 0 |a spa 
082 0 4 |a 792.097.286   |b T253te 
245 0 3 |a El Teatro Nacional. 
260 1 |a San José, Costa Rica :   |b Instituto Costarricense de Turismo,   |c 1967. 
650 4 |a TEATRO NACIONAL 
650 4 |a COSTA RICA 
999 |c 9323  |d 9323 
942 |c BK  |h 792.097.286 T253te  |2 z